000
00283nam a2200121Ia 4500
008
190216s9999||||xx |||||||||||||| ||und||
100
_a
Bhatia K N & Parashar A N
245
0
_a
Plant Physiology
260
_b
Krishna Bros
_c
1970
300
_a
492p
650
_a
Botany
942
_c
BK
999
_c
1198
_d
1198